| 000 | 00601 a2200193 4500 | ||
|---|---|---|---|
| 003 | MN-UlNLM | ||
| 005 | 20220725115415.0 | ||
| 008 | a130t1993 mp ||||| |||| 00| 0 mon d | ||
| 040 | _aМонгол Улсын Үндэсний номын сан | ||
| 084 |
_a84.5Мо _2NNA _q84 _bХ-68 |
||
| 245 | 0 |
_aХойт мэргэн тэвнийн домог _cМонгол бичгээс хөрвүүлсэн. Я.Цэрэндаваа |
|
| 260 | 0 |
_aУБ _c1993 |
|
| 300 | _a22x | ||
| 546 | _aMongolia | ||
| 653 |
_aУран зохиол _aДомог |
||
| 856 | _aprintbook | ||
| 942 | _cBK | ||
| 999 |
_c72978 _d72978 |
||